[Event "Frankfurt Ch 2008"]
[Site "Ffm-Kalbach, LAZ"]
[Date "2008.05.05"]
[Round "2.1"]
[White "Bischoff, Ulrich"]
[Black "Reschke, Stefan"]
[Result "0-1"]
[WhiteElo "2101"]
[BlackElo "2360"]
[PlyCount "50"]
[EventDate "2008.??.??"]

1. e4 c6 2. d4 g6 3. Nc3 d5 4. Nf3 Bg4 5. exd5 cxd5 6. h3 Bxf3 7. Qxf3 e6 8.
Bb5+ Nc6 9. O-O Bg7 10. Re1 Nge7 11. Bg5 O-O 12. Bxc6 bxc6 13. Rad1 f6 14. Bc1
e5 15. Na4 Nf5 16. c3 Re8 17. Nc5 Qd6 18. Qg4 Kf7 19. b4 h5 20. Qf3 e4 21. Qe2
Bf8 22. Qa6 g5 23. c4 Qc7 24. Be3 Qb6 25. a4 Bxc5 0-1

[Event "Frankfurt Ch 2008"]
[Site "Ffm-Kalbach, LAZ"]
[Date "2008.05.05"]
[Round "2.2"]
[White "Pfrommer, Christoph"]
[Black "Behnick, Eckhard"]
[Result "1-0"]
[WhiteElo "2403"]
[BlackElo "2156"]
[PlyCount "65"]
[EventDate "2008.??.??"]

1. e4 e5 2. Nf3 Nc6 3. Bb5 a6 4. Ba4 Nf6 5. O-O b5 6. Bb3 Be7 7. Re1 O-O 8. d3
d6 9. a4 b4 10. a5 Rb8 11. Nbd2 Nd7 12. c3 Nc5 13. Bc4 bxc3 14. bxc3 Be6 15.
Bxe6 fxe6 16. Qc2 Qe8 17. d4 Nd7 18. Qa2 Bf6 19. Qc4 Na7 20. Qxa6 Nb5 21. Rb1
Nxc3 22. Rxb8 Qxb8 23. Qc6 exd4 24. Qxd7 e5 25. Qc6 Qa7 26. Nc4 Rb8 27. Bd2 h6
28. h3 Kh7 29. Kh2 Rb4 30. Bxc3 dxc3 31. Ne3 Rb2 32. Qxc3 Rxf2 33. Nd5 1-0

[Event "Frankfurt Ch 2008"]
[Site "Ffm-Kalbach, LAZ"]
[Date "2008.05.05"]
[Round "2.3"]
[White "Biegel, Thomas"]
[Black "Klundt, Klaus"]
[Result "0-1"]
[WhiteElo "2030"]
[BlackElo "2378"]
[PlyCount "110"]
[EventDate "2008.??.??"]

1. d4 Nf6 2. c4 g6 3. g3 Bg7 4. Bg2 O-O 5. Nf3 d6 6. O-O Nc6 7. Nc3 a6 8. Qd3
Nd7 9. e4 e5 10. Bg5 f6 11. Be3 exd4 12. Nxd4 Nde5 13. Nxc6 bxc6 14. Qe2 Bg4
15. f3 Be6 16. b3 f5 17. Rac1 Qd7 18. Rfd1 Rae8 19. Bf4 fxe4 20. Nxe4 Bf5 21.
Bxe5 Bxe5 22. Qd2 Qg7 23. Kh1 Re7 24. Re1 Rfe8 25. Rcd1 Bb2 26. Re3 c5 27. Ree1
Bd4 28. Qg5 h6 29. Qd2 Kh7 30. g4 Bxe4 31. Rxe4 Rxe4 32. fxe4 Rf8 33. Rf1 Rxf1+
34. Bxf1 Qf6 35. Qg2 Qf4 36. Be2 Qe3 37. h3 Kg7 38. Kh2 a5 39. Kh1 Qd2 40. Bf1
Qf4 41. Be2 Kf6 42. Qf3 Ke5 43. Kg2 g5 44. Bd1 Be3 45. Bc2 Kd4 46. Qxf4 Bxf4
47. Kf3 Kc3 48. Bd1 Kd2 49. Be2 Bg3 50. a4 Bf4 51. Kf2 Kc2 52. e5 dxe5 53. Bf3
Kxb3 54. Bc6 Kxc4 55. Ke2 Kd4 0-1

[Event "Frankfurt Ch 2008"]
[Site "Ffm-Kalbach, LAZ"]
[Date "2008.05.05"]
[Round "2.4"]
[White "Voropaev, Gleb"]
[Black "Czech, Ludwig"]
[Result "1-0"]
[WhiteElo "2287"]
[BlackElo "2075"]
[PlyCount "85"]
[EventDate "2008.??.??"]

1. e4 e6 2. d4 d5 3. Nd2 dxe4 4. Nxe4 Bd7 5. Nf3 Bc6 6. Bd3 Bxe4 7. Bxe4 c6 8.
Qe2 Nf6 9. Bd3 Nbd7 10. Bd2 Bd6 11. O-O-O Qc7 12. Rhe1 Nd5 13. g3 O-O-O 14. Ng5
N7f6 15. c4 Nb4 16. Bb1 h6 17. Ne4 Nxe4 18. Bxe4 c5 19. Bxb4 cxb4 20. c5 Be7
21. Kb1 Rhe8 22. Qc4 Qa5 23. Re3 Bf6 24. Rb3 Re7 25. Rxb4 Rc7 26. Qb3 Qa6 27.
c6 Kb8 28. a4 Be7 29. Rb5 Bf6 30. Qc4 b6 31. Rd3 Kc8 32. f4 Rd6 33. f5 Kd8 34.
fxe6 fxe6 35. d5 e5 36. Bf5 Ke7 37. Be6 Kf8 38. b3 Ke7 39. Qe4 Rxe6 40. dxe6
Kxe6 41. Qg4+ Kf7 42. Rd7+ Rxd7 43. Qxd7+ 1-0

[Event "Frankfurt Ch 2008"]
[Site "Ffm-Kalbach, LAZ"]
[Date "2008.05.05"]
[Round "2.5"]
[White "Solonar, Stefan"]
[Black "Graebner, Walter"]
[Result "1-0"]
[WhiteElo "2363"]
[BlackElo "2053"]
[PlyCount "57"]
[EventDate "2008.??.??"]

1. c4 c6 2. e4 d5 3. exd5 cxd5 4. d4 Nf6 5. Nc3 Nc6 6. Bg5 e6 7. Nf3 Be7 8. c5
O-O 9. Bb5 Bd7 10. O-O Qc7 11. Re1 b6 12. Rc1 Rfc8 13. Ba6 Rcb8 14. Nb5 Qd8 15.
Bf4 Nb4 16. Bxb8 Nxa6 17. c6 Rxb8 18. cxd7 Qxd7 19. Qa4 Qb7 20. Ne5 Bf8 21. Rc2
Ne8 22. Nc6 Rc8 23. Ncxa7 Ra8 24. Rec1 Nb4 25. Rc8 Rxc8 26. Rxc8 Qd7 27. a3 Nd6
28. Rxf8+ Kxf8 29. Qxb4 1-0

[Event "Frankfurt Ch 2008"]
[Site "Ffm-Kalbach, LAZ"]
[Date "2008.05.05"]
[Round "2.6"]
[White "Czikuß, Hans-Joachim"]
[Black "Schramm, Christian"]
[Result "0-1"]
[WhiteElo "1951"]
[BlackElo "2331"]
[PlyCount "98"]
[EventDate "2008.??.??"]

1. Nf3 c5 2. c4 e6 3. g3 b6 4. Bg2 Bb7 5. O-O Qc7 6. b3 Nf6 7. Bb2 a6 8. e3 Be7
9. Qe2 O-O 10. Nc3 d6 11. d4 Nbd7 12. Rfd1 cxd4 13. exd4 d5 14. Rac1 dxc4 15.
bxc4 Rfe8 16. h3 Rac8 17. Nd2 Bxg2 18. Kxg2 Bb4 19. Nce4 Bxd2 20. Rxd2 b5 21.
cxb5 Qb7 22. f3 Qxb5 23. Qxb5 axb5 24. Nd6 Rxc1 25. Bxc1 Rb8 26. Rb2 b4 27. Bd2
Nd5 28. g4 N7b6 29. Kf2 h6 30. Rb3 Ra8 31. Rb2 g5 32. Kg3 Na4 33. Rxb4 Nxb4 34.
Bxb4 Nb6 35. a3 Nd5 36. h4 Nxb4 37. axb4 Rd8 38. Ne4 gxh4+ 39. Kxh4 Rxd4 40. b5
Kg7 41. Kg3 Rd5 42. b6 Rb5 43. g5 hxg5 44. b7 f6 45. Nc5 Kf7 46. Kg4 Rb4+ 47.
Kg3 Ke7 48. Kf2 f5 49. Ke3 Kd6 0-1

[Event "Frankfurt Ch 2008"]
[Site "Ffm-Kalbach, LAZ"]
[Date "2008.05.05"]
[Round "2.7"]
[White "Isserman, Ryhor"]
[Black "Koch, Markus"]
[Result "1-0"]
[WhiteElo "2273"]
[BlackElo "1935"]
[PlyCount "55"]
[EventDate "2008.??.??"]

1. e4 d6 2. Nc3 g6 3. f4 Bg7 4. Bc4 c6 5. Nf3 b5 6. Bb3 Na6 7. d4 Nc7 8. O-O a5
9. a3 e6 10. f5 exf5 11. Ng5 Nh6 12. exf5 d5 13. Qe2+ Kf8 14. Ne6+ Bxe6 15.
fxe6 Nf5 16. g4 Nxd4 17. Rxf7+ Ke8 18. Qe3 Ncxe6 19. Rxg7 Qf6 20. Bxd5 cxd5 21.
Rb7 Rf8 22. Bd2 Nf3+ 23. Kh1 d4 24. Qe4 Ne5 25. Nd5 Qf3+ 26. Qxf3 Nxf3 27. Bh6
Rd8 28. Re7# 1-0

[Event "Frankfurt Ch 2008"]
[Site "Ffm-Kalbach, LAZ"]
[Date "2008.05.05"]
[Round "2.8"]
[White "Fernandez-Egea, Andr"]
[Black "Schlamp, Robert"]
[Result "0-1"]
[WhiteElo "2051"]
[BlackElo "2333"]
[PlyCount "34"]
[EventDate "2008.??.??"]

1. e4 e6 2. d4 d5 3. Nd2 c5 4. Ngf3 Nc6 5. exd5 exd5 6. dxc5 Bxc5 7. Bd3 Nge7
8. O-O O-O 9. a3 Bf5 10. Nb3 Bb6 11. Bf4 Qd7 12. Qd2 Rad8 13. Rad1 Ng6 14. Rfe1
Bxd3 15. cxd3 Qg4 16. Bg3 f5 17. h3 Qxg3 0-1

[Event "Frankfurt Ch 2008"]
[Site "Ffm-Kalbach, LAZ"]
[Date "2008.05.05"]
[Round "2.9"]
[White "Uwira, Oliver"]
[Black "Hierling, Stefan"]
[Result "1-0"]
[WhiteElo "2305"]
[BlackElo "2032"]
[PlyCount "69"]
[EventDate "2008.??.??"]

1. e4 c5 2. Nf3 Nc6 3. d4 cxd4 4. Nxd4 d6 5. Nc3 g6 6. Be3 Bg7 7. Qd2 Nf6 8. f3
Bd7 9. O-O-O Nxd4 10. Bxd4 Qa5 11. Kb1 Bc6 12. Bxf6 Bxf6 13. Nd5 Qxd2 14. Nxf6+
exf6 15. Rxd2 O-O-O 16. Bc4 Rd7 17. Rhd1 Kc7 18. Bd5 Re8 19. c4 Bxd5 20. Rxd5
b6 21. b4 Re5 22. Kb2 Kc6 23. Kc3 Rxd5 24. exd5+ Kc7 25. Re1 Kd8 26. Kd4 Rc7
27. Re4 f5 28. Re2 Rc8 29. a4 Kd7 30. Ra2 Kc7 31. a5 Kb7 32. axb6 axb6 33. Re2
Rc7 34. Re8 h5 35. Rd8 1-0

[Event "Frankfurt Ch 2008"]
[Site "Ffm-Kalbach, LAZ"]
[Date "2008.05.05"]
[Round "2.10"]
[White "Thomele, Michael"]
[Black "Stelzer, Harald"]
[Result "0-1"]
[WhiteElo "1877"]
[BlackElo "2228"]
[PlyCount "80"]
[EventDate "2008.??.??"]

1. e4 c5 2. Nf3 d6 3. d4 cxd4 4. Nxd4 Nf6 5. Nc3 e6 6. Be2 a6 7. Be3 Nbd7 8.
Qd2 b5 9. f3 Bb7 10. g4 Ne5 11. g5 Nfd7 12. Nd1 Qc7 13. Nf2 Be7 14. b3 d5 15.
f4 Nc6 16. exd5 Nxd4 17. Bxd4 Bxd5 18. Rg1 O-O 19. O-O-O Bd6 20. Nd3 Be4 21.
Kb1 Rac8 22. Rc1 Rfd8 23. Qe3 Bf5 24. Rgf1 Ba3 25. h4 Bxc1 26. Rxc1 Bxd3 27.
Bxd3 Nc5 28. Be2 b4 29. Bb2 a5 30. h5 a4 31. h6 g6 32. Bb5 a3 33. Be5 Qb7 34.
Bd4 Qd5 35. Bf6 Ne4 36. Bc4 Nd2+ 37. Ka1 Nxc4 38. bxc4 Qxc4 39. Kb1 Rd5 40. Qa7
Rd2 0-1

[Event "Frankfurt Ch 2008"]
[Site "Ffm-Kalbach, LAZ"]
[Date "2008.05.05"]
[Round "2.11"]
[White "Sadeghi, Behrang"]
[Black "Krüger, Till"]
[Result "1-0"]
[WhiteElo "2283"]
[BlackElo "2069"]
[PlyCount "81"]
[EventDate "2008.??.??"]

1. e4 e6 2. d4 d5 3. e5 c5 4. c3 Nc6 5. Nf3 Bd7 6. a3 f6 7. Bd3 cxd4 8. cxd4
Qb6 9. Nc3 fxe5 10. dxe5 g6 11. O-O Bg7 12. Be3 Qd8 13. Nb5 Nge7 14. Nd6+ Kf8
15. Nxb7 Qc7 16. Nc5 Nxe5 17. Ng5 Qd6 18. Nb7 Qb8 19. Nc5 Qd6 20. Nb7 Qb8 21.
Ba6 Bf6 22. Bc5 Kg7 23. Bd6 Qe8 24. Re1 N7c6 25. Qd2 h6 26. Nh3 Nd4 27. Bxe5
Bxe5 28. Rxe5 Nb3 29. Qc3 Nxa1 30. Rxe6+ Kh7 31. Rxe8 Rhxe8 32. f3 Rac8 33. Nc5
Rc7 34. Bd3 Ba4 35. Qf6 Rg8 36. Nxa4 Nb3 37. Nf4 Rcg7 38. Nxg6 Rxg6 39. Qf7+
R8g7 40. Bxg6+ Kh8 41. Qf8+ 1-0

[Event "Frankfurt Ch 2008"]
[Site "Ffm-Kalbach, LAZ"]
[Date "2008.05.05"]
[Round "2.12"]
[White "Gutacker, Stephan"]
[Black "Kayser, Felix"]
[Result "0-1"]
[WhiteElo "1985"]
[BlackElo "2206"]
[PlyCount "116"]
[EventDate "2008.??.??"]

1. e4 c5 2. c3 g6 3. d4 cxd4 4. cxd4 d5 5. e5 Nc6 6. Bb5 Bg7 7. Ne2 Bd7 8. Nbc3
e6 9. O-O Nge7 10. Bg5 h6 11. Bxe7 Qxe7 12. Rc1 O-O 13. f4 Qb4 14. Qd2 Nxe5 15.
fxe5 Bxb5 16. a3 Qa5 17. b4 Qb6 18. Nxb5 Qxb5 19. Rc5 Qd7 20. Rfc1 Rfc8 21. Qc2
Rxc5 22. Qxc5 Bf8 23. Qc7 Qb5 24. Qc2 a5 25. Nc3 Qc4 26. Qd2 Qb3 27. Nb5 axb4
28. Nd6 Rxa3 29. Qf4 Qe3+ 30. Qxe3 Rxe3 31. Rc7 b3 32. Rxb7 Rc3 33. Rb8 b2 34.
Rxb2 Bxd6 35. exd6 Rc8 36. Kf2 Rd8 37. Rb6 Kg7 38. Kf3 Kf6 39. Kf4 Rd7 40. h4
g5+ 41. hxg5+ hxg5+ 42. Kg4 Kg6 43. Kf3 Kf6 44. Kg4 Kg6 45. Kf3 f6 46. Kg4 e5
47. dxe5 fxe5 48. Ra6 e4 49. Kg3 Kf5 50. Kf2 Kf4 51. g3+ Ke5 52. Ra8 Rxd6 53.
Ke2 d4 54. Rf8 d3+ 55. Kd2 e3+ 56. Kd1 Ra6 57. Re8+ Kd4 58. Rd8+ Ke4 0-1

[Event "Frankfurt Ch 2008"]
[Site "Ffm-Kalbach, LAZ"]
[Date "2008.05.05"]
[Round "2.13"]
[White "Schlapp, Thomas"]
[Black "Cors, Heinz-Friedrich"]
[Result "1-0"]
[WhiteElo "2257"]
[BlackElo "2016"]
[PlyCount "119"]
[EventDate "2008.??.??"]

1. d4 Nf6 2. c4 e6 3. Nc3 Bb4 4. Bd2 O-O 5. Nf3 d5 6. e3 b6 7. Qb3 Be7 8. Rc1
Bb7 9. cxd5 exd5 10. Be2 Nbd7 11. O-O c5 12. Rfd1 Qb8 13. Be1 Rd8 14. dxc5 bxc5
15. Rc2 Bc6 16. Bb5 Bxb5 17. Qxb5 Ne5 18. Qxb8 Nxf3+ 19. gxf3 Raxb8 20. Na4
Rbc8 21. Ba5 Re8 22. Bc3 Red8 23. Bxf6 Bxf6 24. Rxc5 Rxc5 25. Nxc5 Bxb2 26. Nd3
Bf6 27. Nb4 d4 28. e4 g5 29. Rc1 Rb8 30. Nd3 Rb5 31. Kg2 Kg7 32. Rc4 h6 33. Ra4
a5 34. Rc4 Kf8 35. Kg3 Kg7 36. h3 Kg6 37. f4 gxf4+ 38. Nxf4+ Kg7 39. Nd3 Rg5+
40. Kh2 Rb5 41. f4 Rb1 42. e5 Bh4 43. Rxd4 Rd1 44. Kg2 Rd2+ 45. Kf3 Rxa2 46. f5
Bg5 47. h4 Bd2 48. Rg4+ Kf8 49. Rc4 a4 50. Rc7 Ra3 51. Ke4 Rc3 52. Ra7 Rc4+ 53.
Kd5 Rxh4 54. f6 Kg8 55. e6 fxe6+ 56. Kxe6 Re4+ 57. Kf5 Rd4 58. Ne5 Rd8 59. Rg7+
Kf8 60. Ng6+ 1-0

[Event "Frankfurt Ch 2008"]
[Site "Ffm-Kalbach, LAZ"]
[Date "2008.05.05"]
[Round "2.14"]
[White "Rasche, Hannes"]
[Black "Reschke, Thomas"]
[Result "0-1"]
[WhiteElo "2020"]
[BlackElo "2226"]
[PlyCount "70"]
[EventDate "2008.??.??"]

1. d4 g6 2. c4 Bg7 3. Nf3 d6 4. Nc3 Bd7 5. Bf4 f5 6. Qd2 Nf6 7. Bh6 O-O 8. Bxg7
Kxg7 9. g3 Nc6 10. d5 Ne5 11. b3 Nxf3+ 12. exf3 e6 13. O-O-O exd5 14. Nxd5 Nxd5
15. Qxd5 Bc6 16. Qd4+ Qf6 17. Qxf6+ Rxf6 18. Bg2 f4 19. Rhf1 Re8 20. Kd2 g5 21.
g4 Rfe6 22. Rde1 Rxe1 23. Rxe1 Rxe1 24. Kxe1 b5 25. Kd2 bxc4 26. bxc4 Kf6 27.
Kc3 Ke5 28. a3 Bb7 29. h3 Ba6 30. Bf1 d5 31. Bd3 Bxc4 32. Bxc4 dxc4 33. Kxc4
Kd6 34. Kd4 c5+ 35. Ke4 Ke6 0-1

[Event "Frankfurt Ch 2008"]
[Site "Ffm-Kalbach, LAZ"]
[Date "2008.05.05"]
[Round "2.15"]
[White "Zuyev, Igor"]
[Black "Ochmann, Reimund"]
[Result "1-0"]
[WhiteElo "2265"]
[BlackElo "2123"]
[PlyCount "69"]
[EventDate "2008.??.??"]

1. e4 e5 2. f4 exf4 3. Nf3 d5 4. exd5 Nf6 5. Bc4 Nxd5 6. O-O Be7 7. Bxd5 Qxd5
8. d4 O-O 9. Bxf4 c5 10. Nc3 Qh5 11. Nb5 Na6 12. Re1 cxd4 13. Re5 Qg4 14. Rxe7
Qxf4 15. Qxd4 Qf5 16. c4 Nb4 17. Qd6 Nc6 18. Nfd4 Nxd4 19. Qxd4 Be6 20. Nd6 Qg5
21. Rxb7 Rad8 22. Rd1 Bg4 23. Rd2 Bf3 24. Rb3 Bc6 25. Rg3 Qh6 26. Nf5 Rxd4 27.
Nxh6+ Kh8 28. Rxd4 gxh6 29. b4 Re8 30. b5 Be4 31. Rd7 Bg6 32. Rxa7 Re2 33. b6
Re8 34. b7 Be4 35. Re3 1-0

[Event "Frankfurt Ch 2008"]
[Site "Ffm-Kalbach, LAZ"]
[Date "2008.05.05"]
[Round "2.16"]
[White "Faqiry, Ramat"]
[Black "Diaz, Joaquin"]
[Result "1/2-1/2"]
[WhiteElo "1984"]
[BlackElo "2163"]
[PlyCount "35"]
[EventDate "2008.??.??"]

1. d4 d5 2. c4 c6 3. Nc3 Nf6 4. Nf3 dxc4 5. a4 Bf5 6. e3 e6 7. Bxc4 Nbd7 8. O-O
Bd6 9. Re1 Nb6 10. Bd3 Bxd3 11. Qxd3 Nfd5 12. Nxd5 Nxd5 13. Bd2 O-O 14. e4 Nb4
15. Qb3 Qb6 16. e5 Be7 17. Re4 Nd5 18. Qc2 1/2-1/2

[Event "Frankfurt Ch 2008"]
[Site "Ffm-Kalbach, LAZ"]
[Date "2008.05.05"]
[Round "2.17"]
[White "Minor, Samuel"]
[Black "Tierling, Detlef"]
[Result "1-0"]
[WhiteElo "2179"]
[BlackElo "2006"]
[PlyCount "77"]
[EventDate "2008.??.??"]

1. e4 e6 2. d4 d5 3. Nc3 Bb4 4. exd5 exd5 5. Bd3 c5 6. dxc5 d4 7. a3 Bxc3+ 8.
bxc3 dxc3 9. Ne2 Qa5 10. O-O Ne7 11. Nd4 Nbc6 12. Nxc6 bxc6 13. Re1 Be6 14. Qh5
O-O-O 15. Rb1 Rxd3 16. Qe5 Rdd8 17. Bg5 Qc7 18. Qxc7+ Kxc7 19. Bxe7 Ra8 20.
Bd6+ Kc8 21. Rb4 Re8 22. g4 g6 23. f3 a5 24. Rb6 Bd7 25. Reb1 Kd8 26. Kf2 h5
27. h3 hxg4 28. hxg4 f5 29. g5 a4 30. Rb7 Bc8 31. Rc7 Ba6 32. Rh1 Bc4 33. Rhh7
Be6 34. Rxc6 Rc8 35. Rb6 Bd7 36. Rg7 Rc6 37. Rb7 Bc8 38. Rb6 Rxb6 39. Bc7# 1-0

[Event "Frankfurt Ch 2008"]
[Site "Ffm-Kalbach, LAZ"]
[Date "2008.05.05"]
[Round "2.18"]
[White "Geringer, Waldemar"]
[Black "Stadtmueller, Harald"]
[Result "0-1"]
[WhiteElo "1886"]
[BlackElo "2192"]
[PlyCount "84"]
[EventDate "2008.??.??"]

1. d4 g6 2. c4 Bg7 3. Nc3 d6 4. e4 e5 5. Nf3 exd4 6. Nxd4 Nc6 7. Be3 Nge7 8.
Be2 O-O 9. O-O f5 10. exf5 Bxd4 11. fxg6 Bxe3 12. gxh7+ Kh8 13. fxe3 Rxf1+ 14.
Qxf1 Bf5 15. e4 Bg6 16. Qf6+ Kxh7 17. Qh4+ Kg7 18. Rf1 Ng8 19. Qg3 Ne5 20. h4
Kh8 21. Qf4 c6 22. Nd1 Qb6+ 23. Kh1 Qd4 24. Bf3 Qxc4 25. Ne3 Qf7 26. Nf5 Bxf5
27. exf5 Rf8 28. Be4 Qf6 29. g3 Rf7 30. Kg2 Rg7 31. Kh3 Nh6 32. Qe3 a6 33. Rf4
d5 34. Bc2 Nc4 35. Qc3 Qxc3 36. bxc3 Ne3 37. f6 Rg4 38. Rxg4 Nhxg4 39. Bg6 Nxf6
40. h5 Kg7 41. Kh4 Kh6 42. a4 a5 0-1

[Event "Frankfurt Ch 2008"]
[Site "Ffm-Kalbach, LAZ"]
[Date "2008.05.05"]
[Round "2.19"]
[White "Schwenkreis, Thomas"]
[Black "Koch, Ulrich"]
[Result "0-1"]
[WhiteElo "2052"]
[BlackElo "1859"]
[PlyCount "86"]
[EventDate "2008.??.??"]

1. Nf3 d5 2. b3 Nf6 3. Bb2 Bf5 4. e3 e6 5. d3 Bd6 6. Be2 h6 7. Nbd2 Nbd7 8. O-O
O-O 9. Re1 Re8 10. Bf1 e5 11. g3 c6 12. Nh4 Bh7 13. Bh3 Bf8 14. f3 Qc7 15. Kh1
Rad8 16. Qe2 e4 17. dxe4 dxe4 18. f4 b5 19. Rg1 Qb6 20. Nf1 Nd5 21. a3 a5 22.
g4 Bc5 23. Ng2 g5 24. fxg5 hxg5 25. c4 Nf4 26. Nxf4 gxf4 27. b4 axb4 28. axb4
Bxb4 29. exf4 Bc5 30. Rg2 e3 31. cxb5 Be4 32. bxc6 Qxc6 33. Ra6 Nb6 34. Qe1 Qb5
35. Ng3 Bxg2+ 36. Bxg2 Qxb2 37. Ne2 Rd2 38. Bf3 Red8 39. Qh4 Qg7 40. f5 Rd1+
41. Kg2 f6 42. Nf4 R1d2+ 43. Kh3 Qg5 0-1

[Event "Frankfurt Ch 2008"]
[Site "Ffm-Kalbach, LAZ"]
[Date "2008.05.05"]
[Round "2.20"]
[White "Hausmann, Hans-Ulrich"]
[Black "Diekmann, HanJo"]
[Result "0-1"]
[WhiteElo "1950"]
[BlackElo "2199"]
[PlyCount "32"]
[EventDate "2008.??.??"]

1. d3 d5 2. d4 Nf6 3. Nf3 g6 4. Bf4 Bg7 5. e3 O-O 6. Bd3 c5 7. O-O Nc6 8. c3 b6
9. Nbd2 Bb7 10. h3 Re8 11. Bb5 Nd7 12. c4 a6 13. cxd5 axb5 14. dxc6 Bxc6 15.
Qe2 Ra4 16. Rfc1 Qa8 0-1

[Event "Frankfurt Ch 2008"]
[Site "Ffm-Kalbach, LAZ"]
[Date "2008.05.05"]
[Round "2.21"]
[White "Escher, Helmut"]
[Black "Thole, Markus"]
[Result "1-0"]
[WhiteElo "2078"]
[BlackElo "1749"]
[PlyCount "69"]
[EventDate "2008.??.??"]

1. d4 e6 2. c4 Nf6 3. Nc3 Bb4 4. Bd2 c5 5. e3 cxd4 6. exd4 O-O 7. Nf3 d5 8. c5
b6 9. cxb6 Qxb6 10. Bd3 Ba6 11. Qe2 Bxd3 12. Qxd3 Nc6 13. O-O Rab8 14. Rfc1
Rfc8 15. a3 Bd6 16. b4 a5 17. b5 Ne7 18. a4 Nf5 19. Bg5 Bb4 20. Bxf6 Bxc3 21.
Rxc3 Rxc3 22. Qxc3 gxf6 23. Qc5 Nd6 24. Nd2 Qd8 25. Rc1 Rc8 26. Qa3 Qb6 27.
Rxc8+ Nxc8 28. Qc5 Qd8 29. Qc3 Nd6 30. g3 Kf8 31. Qc6 Nc8 32. Nb3 Nb6 33. Nc5
Nc4 34. b6 Qxb6 35. Nd7+ 1-0

[Event "Frankfurt Ch 2008"]
[Site "Ffm-Kalbach, LAZ"]
[Date "2008.05.05"]
[Round "2.22"]
[White "Fröhlich-Dill, Astrid"]
[Black "Orwatsch, Gerhard"]
[Result "0-1"]
[WhiteElo "1997"]
[BlackElo "2088"]
[PlyCount "62"]
[EventDate "2008.??.??"]

1. d4 Nf6 2. c4 e5 3. d5 Bc5 4. Nf3 d6 5. Nc3 Bf5 6. e3 O-O 7. Be2 a6 8. O-O e4
9. Nd4 Bg6 10. Rb1 Nbd7 11. b4 Ba7 12. a4 Ne5 13. Ba3 Re8 14. b5 a5 15. Nb3 Bb6
16. c5 dxc5 17. Bxc5 Nfd7 18. Bxb6 cxb6 19. Qd4 f5 20. Rbc1 Qg5 21. f4 exf3 22.
Bxf3 Nxf3+ 23. Rxf3 Rac8 24. Rg3 Qf6 25. Ne2 Rxc1+ 26. Nexc1 Re4 27. Qd1 Qe5
28. Kf2 Rxa4 29. Nd4 Nc5 30. Nf3 Qb2+ 31. Ne2 Ne4+ 0-1

[Event "Frankfurt Ch 2008"]
[Site "Ffm-Kalbach, LAZ"]
[Date "2008.05.05"]
[Round "2.23"]
[White "Richter, Tobias"]
[Black "Fischer, Arthur"]
[Result "1-0"]
[WhiteElo "2099"]
[BlackElo "2013"]
[PlyCount "67"]
[EventDate "2008.??.??"]

1. e4 e6 2. d4 d5 3. e5 c5 4. c3 Nc6 5. Nf3 Qb6 6. a3 Nh6 7. b4 cxd4 8. cxd4
Nf5 9. Be3 f6 10. Bd3 Nxe3 11. fxe3 fxe5 12. Ng5 e4 13. O-O Be7 14. Bc2 Bd7 15.
Ba4 O-O-O 16. Bxc6 Bxg5 17. Bxd7+ Rxd7 18. Qe1 Rc7 19. Nc3 Qa6 20. Qg3 Bf6 21.
Rac1 Rc4 22. Ne2 b5 23. Nf4 Qd6 24. Qh3 Kd7 25. Ng6 Rhc8 26. Rxc4 Rxc4 27. Qxh7
Kc6 28. Qg8 Kb6 29. Nf4 Bg5 30. Qxg7 Bxf4 31. exf4 e3 32. g3 Qc6 33. Qe5 Rc3
34. Re1 1-0

[Event "Frankfurt Ch 2008"]
[Site "Ffm-Kalbach, LAZ"]
[Date "2008.05.05"]
[Round "2.24"]
[White "Svitek, Volker"]
[Black "Enders, Georg"]
[Result "1-0"]
[WhiteElo "2104"]
[BlackElo "2042"]
[PlyCount "77"]
[EventDate "2008.??.??"]

1. b4 e5 2. Bb2 f6 3. e4 Bxb4 4. Bc4 Ne7 5. Qh5+ Ng6 6. a3 Bd6 7. Ne2 Qe7 8.
O-O c6 9. d3 b5 10. Ba2 Kd8 11. Nd2 Na6 12. d4 exd4 13. Nxd4 Nf4 14. Qf7 Qxf7
15. Bxf7 Be5 16. N2f3 Ne2+ 17. Kh1 Nxd4 18. Bxd4 Bxd4 19. Nxd4 Rf8 20. Ba2 g6
21. Rfd1 Kc7 22. Rab1 Nc5 23. f3 d6 24. c4 a6 25. cxb5 cxb5 26. Rbc1 Kb6 27.
Nb3 Nb7 28. Nd4 Bd7 29. Be6 Bxe6 30. Nxe6 Rfc8 31. Nf4 Ka5 32. Nd5 Rxc1 33.
Rxc1 Rf8 34. Rc7 Nc5 35. Rc6 f5 36. e5 Re8 37. f4 Ne4 38. Nc7 Nc5 39. Nxe8 1-0

[Event "Frankfurt Ch 2008"]
[Site "Ffm-Kalbach, LAZ"]
[Date "2008.05.05"]
[Round "2.25"]
[White "Dubois De Luchet, Erich"]
[Black "Weiss, Matthias"]
[Result "0-1"]
[WhiteElo "1967"]
[BlackElo "2046"]
[PlyCount "82"]
[EventDate "2008.??.??"]

1. d4 Nf6 2. c4 c5 3. d5 b5 4. cxb5 a6 5. Nc3 axb5 6. e4 b4 7. Nb5 d6 8. Bf4
Nxe4 9. Qe2 g5 10. Bc1 Nf6 11. Bxg5 Bg7 12. Bxf6 Bxf6 13. Qd2 Bd7 14. a4 Na6
15. Rc1 Nc7 16. Nxc7+ Qxc7 17. b3 Bc3 18. Rxc3 bxc3 19. Qxc3 Rg8 20. g3 Qa5 21.
Kd2 Rg5 22. Bc4 Qxc3+ 23. Kxc3 Re5 24. Nf3 Rf5 25. Be2 Rxd5 26. Nd2 Rd4 27. Bd3
h6 28. Re1 Bc6 29. Nc4 Rb8 30. f4 Rxb3+ 31. Kxb3 Rxd3+ 32. Kc2 Rd4 33. Nb2
Bxa4+ 34. Kc3 Bb5 35. Ra1 Kd7 36. Ra8 Re4 37. Rh8 Re3+ 38. Kd2 Re2+ 39. Kc3
Rxh2 40. Rb8 Bf1 41. Rb7+ Ke6 0-1

[Event "Frankfurt Ch 2008"]
[Site "Ffm-Kalbach, LAZ"]
[Date "2008.05.05"]
[Round "2.26"]
[White "Kabir, Razaul"]
[Black "Larem, Peter"]
[Result "1-0"]
[WhiteElo "2100"]
[BlackElo "1942"]
[PlyCount "71"]
[EventDate "2008.??.??"]

1. e4 e5 2. Nf3 Nf6 3. Nxe5 d6 4. Nf3 Nxe4 5. Nc3 Nxc3 6. dxc3 Be7 7. Be3 O-O
8. Qd2 Nd7 9. O-O-O Nc5 10. Kb1 Be6 11. h4 a5 12. Ng5 Bf5 13. f3 a4 14. g4 Be6
15. a3 Qc8 16. Bd3 Nxd3 17. Qxd3 f5 18. Rde1 Bxg5 19. hxg5 g6 20. Bd4 Rf7 21.
Rh4 Qd7 22. Reh1 c5 23. Bf6 c4 24. Qd4 Ra5 25. Rh6 Kf8 26. Rxg6 Rd5 27. Qa7
fxg4 28. fxg4 Bxg4 29. Rgh6 Bf5 30. R6h2 Qe8 31. Qf2 b5 32. Re1 Qd7 33. Qh4 Kg8
34. Rhe2 Rf8 35. Re7 Qc6 36. Qh6 1-0

[Event "Frankfurt Ch 2008"]
[Site "Ffm-Kalbach, LAZ"]
[Date "2008.05.05"]
[Round "2.28"]
[White "Henzner, Reiner"]
[Black "Petri, Igor"]
[Result "1-0"]
[WhiteElo "2094"]
[BlackElo "1724"]
[PlyCount "83"]
[EventDate "2008.??.??"]

1. e4 e6 2. g3 d5 3. exd5 exd5 4. Bg2 Nf6 5. Nf3 Bd6 6. O-O O-O 7. d4 Bf5 8.
Bg5 h6 9. Bxf6 Qxf6 10. Nh4 c6 11. c3 Nd7 12. Qh5 Bd3 13. Re1 g5 14. Bh3 Rfe8
15. Nd2 Nf8 16. Ng2 Ne6 17. Ne3 Ng7 18. Qf3 Qxf3 19. Nxf3 f5 20. Bf1 Bxf1 21.
Kxf1 Re7 22. c4 Bb4 23. Red1 f4 24. Nc2 Bd6 25. c5 Bc7 26. g4 Kf7 27. b4 a6 28.
a4 Kf6 29. b5 h5 30. h3 hxg4 31. hxg4 Rh8 32. bxc6 bxc6 33. Nb4 Re6 34. Nxa6
Ba5 35. Rab1 Re4 36. Nb8 Nf5 37. Nxc6 Ne3+ 38. fxe3 fxe3 39. Ke2 Bc3 40. Nce5
Rh3 41. Rb7 Rxf3 42. Rf7+ 1-0

[Event "Frankfurt Ch 2008"]
[Site "Ffm-Kalbach, LAZ"]
[Date "2008.05.05"]
[Round "2.29"]
[White "Winand, Edgar"]
[Black "Marzahn, Heiko"]
[Result "0-1"]
[WhiteElo "1778"]
[BlackElo "1938"]
[PlyCount "70"]
[EventDate "2008.??.??"]

1. g4 d5 2. Bg2 e5 3. d3 c6 4. g5 Be6 5. Nc3 f5 6. gxf6 Nxf6 7. Nf3 Bd6 8. Ng5
Bd7 9. e4 h6 10. Nh3 Qc8 11. Qf3 Bg4 12. Qg3 Nh5 13. Qh4 Be7 14. Ng5 hxg5 15.
Bxg5 Bxg5 16. Qxg5 Qe6 17. f3 Nf4 18. O-O-O d4 19. Qxg7 Qh6 20. Qxg4 Nd7 21.
Kb1 dxc3 22. bxc3 O-O-O 23. Qg3 Rhg8 24. Qf2 Rxg2 25. Qxa7 Qd6 26. d4 Ne2 27.
Rd3 Nf4 28. dxe5 Qc5 29. Qxc5 Nxc5 30. Rd4 Nce6 31. Ra4 Rdd2 32. Kb2 Rxc2+ 33.
Kb3 Rb2+ 34. Ka3 Rxa2+ 35. Kb4 Rgb2+ 0-1

[Event "Frankfurt Ch 2008"]
[Site "Ffm-Kalbach, LAZ"]
[Date "2008.05.05"]
[Round "2.30"]
[White "Hoti, Safet"]
[Black "Lietzau, Olaf"]
[Result "1-0"]
[WhiteElo "1978"]
[BlackElo "1652"]
[PlyCount "53"]
[EventDate "2008.??.??"]

1. d4 Nf6 2. c4 g6 3. Nc3 Bg7 4. e4 d6 5. f4 O-O 6. Be2 c5 7. dxc5 dxc5 8. Be3
Qxd1+ 9. Rxd1 b6 10. e5 Ng4 11. Bc1 Na6 12. Nd5 Re8 13. Bf3 Rb8 14. Ne2 Nh6 15.
O-O Bg4 16. Bxg4 Nxg4 17. Nec3 e6 18. Ne3 Nxe3 19. Bxe3 Bf8 20. Rd7 Re7 21.
Rfd1 Rxd7 22. Rxd7 Ra8 23. a3 Nb8 24. Rd8 Kg7 25. f5 gxf5 26. Bg5 h6 27. Bf6+
1-0